00511nam a2200193 a 4500001001300000003000900013005001700022008004100039020001000080082002000090100001700110245006400127260002500191300000900216500003500225505001800260650002200278700001700300nice12345678IN_TiNIC20260116014226.0080623s2007 dela grp 000 0 eng  ac39500a324.245408bSEN aSen, Atreyee aShiv Sena Womenb Violenc Eand Communalism in a Bombay Slum aDelhibZubaan c2007 a220p aincludes index and biblioraphy2 abiblio, index aCommunalism-India1 aSen, Atreyee